<?xml version="1.0" encoding="UTF-8"?>
<record
    xmlns:xsi="http://www.w3.org/2001/XMLSchema-instance"
    xsi:schemaLocation="http://www.loc.gov/MARC21/slim http://www.loc.gov/standards/marcxml/schema/MARC21slim.xsd"
    xmlns="http://www.loc.gov/MARC21/slim">

  <leader>00530nam a22001577a 4500</leader>
  <controlfield tag="003">OSt</controlfield>
  <controlfield tag="005">20151004101851.0</controlfield>
  <controlfield tag="008">151004b        xxu||||| |||| 00| 0 eng d</controlfield>
  <datafield tag="040" ind1=" " ind2=" ">
    <subfield code="c">RUA</subfield>
  </datafield>
  <datafield tag="082" ind1=" " ind2=" ">
    <subfield code="a">AGR &#x1787;&#x17C0;&#x1785; 1995 B014 Or.1</subfield>
  </datafield>
  <datafield tag="100" ind1=" " ind2=" ">
    <subfield code="9">1988</subfield>
    <subfield code="a">&#x1787;&#x17C0;&#x1785;, &#x178A;&#x17B6;&#x1798;&#x17B7;&#x178F;&#x17D2;&#x178F;</subfield>
  </datafield>
  <datafield tag="245" ind1=" " ind2=" ">
    <subfield code="a">Research of rice diseases, &#x1780;&#x17B6;&#x179A;&#x179F;&#x17B7;&#x1780;&#x17D2;&#x179F;&#x17B6;&#x179F;&#x17D2;&#x179A;&#x17B6;&#x179C;&#x1787;&#x17D2;&#x179A;&#x17B6;&#x179C; &#x17A2;&#x17C6;&#x1796;&#x17B8;&#x1787;&#x17C6;&#x1784;&#x17BA;&#x179B;&#x17BE;&#x178A;&#x17C6;&#x178E;&#x17B6;&#x17C6;&#x179F;&#x17D2;&#x179A;&#x17BC;&#x179C;</subfield>
  </datafield>
  <datafield tag="260" ind1=" " ind2=" ">
    <subfield code="a">Phnom Penh</subfield>
    <subfield code="b">RUA</subfield>
    <subfield code="c">1995</subfield>
  </datafield>
  <datafield tag="300" ind1=" " ind2=" ">
    <subfield code="a">80p.</subfield>
    <subfield code="b">ill.</subfield>
    <subfield code="c">29cm.</subfield>
  </datafield>
  <datafield tag="942" ind1=" " ind2=" ">
    <subfield code="2">ddc</subfield>
    <subfield code="c">AGR</subfield>
  </datafield>
  <datafield tag="999" ind1=" " ind2=" ">
    <subfield code="c">1878</subfield>
    <subfield code="d">1878</subfield>
  </datafield>
  <datafield tag="952" ind1=" " ind2=" ">
    <subfield code="0">0</subfield>
    <subfield code="1">0</subfield>
    <subfield code="2">ddc</subfield>
    <subfield code="4">0</subfield>
    <subfield code="6">AGR_&#x1787;&#x17C0;&#x1785;_1995_000000000000000_B014_OR_1</subfield>
    <subfield code="7">0</subfield>
    <subfield code="9">7873</subfield>
    <subfield code="a">LBB</subfield>
    <subfield code="b">LBB</subfield>
    <subfield code="c">B014</subfield>
    <subfield code="d">2015-10-04</subfield>
    <subfield code="l">6</subfield>
    <subfield code="o">AGR &#x1787;&#x17C0;&#x1785; 1995 B014 Or.1</subfield>
    <subfield code="p">RUA009346</subfield>
    <subfield code="r">2022-02-07</subfield>
    <subfield code="s">2022-01-25</subfield>
    <subfield code="w">2015-10-04</subfield>
    <subfield code="y">AGR</subfield>
  </datafield>
  <datafield tag="952" ind1=" " ind2=" ">
    <subfield code="0">0</subfield>
    <subfield code="1">0</subfield>
    <subfield code="2">ddc</subfield>
    <subfield code="4">0</subfield>
    <subfield code="6">AGR_&#x1787;&#x17C0;&#x1785;_1995_000000000000000_B014_OR_2</subfield>
    <subfield code="7">0</subfield>
    <subfield code="9">14386</subfield>
    <subfield code="a">LBB</subfield>
    <subfield code="b">LBB</subfield>
    <subfield code="c">B014</subfield>
    <subfield code="d">2015-11-03</subfield>
    <subfield code="o">AGR &#x1787;&#x17C0;&#x1785; 1995 B014 Or.2</subfield>
    <subfield code="p">RUA028884</subfield>
    <subfield code="r">2015-11-03</subfield>
    <subfield code="w">2015-11-03</subfield>
    <subfield code="y">AGR</subfield>
  </datafield>
  <datafield tag="952" ind1=" " ind2=" ">
    <subfield code="0">0</subfield>
    <subfield code="1">0</subfield>
    <subfield code="2">ddc</subfield>
    <subfield code="4">0</subfield>
    <subfield code="6">AGR_&#x1787;&#x17C0;&#x1785;_1995_000000000000000_B014_OR_3</subfield>
    <subfield code="7">0</subfield>
    <subfield code="9">14387</subfield>
    <subfield code="a">LBB</subfield>
    <subfield code="b">LBB</subfield>
    <subfield code="c">B014</subfield>
    <subfield code="d">2015-11-03</subfield>
    <subfield code="o">AGR &#x1787;&#x17C0;&#x1785; 1995 B014 Or.3</subfield>
    <subfield code="p">RUA028524</subfield>
    <subfield code="r">2015-11-03</subfield>
    <subfield code="w">2015-11-03</subfield>
    <subfield code="y">AGR</subfield>
  </datafield>
</record>
